[Event "C.to Italiano U08 femminile"]
[Site "Tarvisio ITA"]
[Date "2014.07.02"]
[Round "5"]
[White "Cassanelli, Emma"]
[Black "Musso, Alessia"]
[WhiteElo "1311"]
[BlackElo "1353"]
[Result "1-0"]
[PlyCount "23"]
[EventDate "2014.06.29"]

1. e4 e5 2. Nf3 Nc6 3. Bc4 Nf6 4. Nc3 Bb4 5. a3 Bxc3 6. dxc3 Nxe4 7. Qd5 O-O 8.
Qxe4 d6 9. Bd3 g6 10. Ng5 Bf5 11. Qh4 Bxd3 12. Qxh7# 1-0

[Event "C.to Italiano U08 femminile"]
[Site "Tarvisio ITA"]
[Date "2014.07.02"]
[Round "6"]
[White "Cassanelli, Emma"]
[Black "Scarpa, Giulia"]
[WhiteElo "1311"]
[BlackElo "1332"]
[Result "1-0"]
[PlyCount "57"]
[EventDate "2014.06.29"]

1. e4 e5 2. Nf3 Nc6 3. Bc4 Bc5 4. Nc3 Nf6 5. d3 d6 6. h3 O-O 7. Bg5 Be6 8. Bb3
Bxb3 9. axb3 h6 10. Bh4 Qd7 11. Bxf6 gxf6 12. O-O Kh8 13. Qd2 Kh7 14. Nd5 Qe6
15. Nxc7 Qd7 16. Nxa8 Rxa8 17. Kh2 f5 18. g3 Bb4 19. c3 Ba5 20. Nh4 Nd4 21. Ra3
b6 22. Qe3 Nb5 23. Nxf5 Kg8 24. Qxh6 f6 25. Qg6+ Kf8 26. Qxf6+ Ke8 27. Qh8+ Kf7
28. Qg7+ Ke8 29. Qg8# 1-0

[Event "C.to Italiano U08 femminile"]
[Site "Tarvisio ITA"]
[Date "2014.07.03"]
[Round "7"]
[White "De Bellis, Vera"]
[Black "Cassanelli, Emma"]
[WhiteElo "1353"]
[BlackElo "1311"]
[Result "0-1"]
[PlyCount "128"]
[EventDate "2014.06.29"]

1. e4 e5 2. Bc4 Bc5 3. Nc3 Nf6 4. Nf3 Nc6 5. d3 h6 6. Be3 Bb6 7. Na4 Ba5+ 8.
Bd2 d6 9. Bxa5 Nxa5 10. O-O Bg4 11. Nc3 Nxc4 12. dxc4 O-O 13. h3 Bh5 14. Qd3
Nd7 15. Nd5 Nc5 16. Qe3 c6 17. Nc3 Ne6 18. Ne2 Qf6 19. Ng3 Qg6 20. Nf5 Nf4 21.
Ne7+ Kh7 22. Nxg6 Nxg6 23. g4 Nf4 24. Nh4 Bg6 25. Nxg6 Nxg6 26. Rfd1 Rad8 27.
Rd2 Rfe8 28. Rad1 Re6 29. Rd3 Nf4 30. Kh2 Nxd3 31. cxd3 b6 32. Qf3 Rf6 33. Qe2
Rf4 34. b4 Re8 35. c5 Re6 36. d4 Ref6 37. dxe5 dxe5 38. cxb6 axb6 39. h4 Rxf2+
40. Kg3 Rxe2 41. g5 Re3+ 42. Kg2 Rff3 43. Rf1 Rxf1 44. Kxf1 Rxe4 45. a3 b5 46.
Kf2 Rxh4 47. Kg3 hxg5 48. Kf3 Rh3+ 49. Kg4 Rxa3 50. Kxg5 f6+ 51. Kf5 Ra4 52.
Ke4 Rxb4+ 53. Kf5 c5 54. Ke6 c4 55. Kd5 c3 56. Kc5 c2 57. Kxb4 c1=Q 58. Kxb5
Qc3 59. Ka4 Qb2 60. Ka5 e4 61. Ka4 e3 62. Ka5 e2 63. Ka6 e1=R 64. Ka7 Ra1# 0-1

[Event "C.to Italiano U08 femminile"]
[Site "Tarvisio ITA"]
[Date "2014.07.05"]
[Round "9"]
[White "Cassanelli, Emma"]
[Black "Sulis, Giorgia"]
[WhiteElo "1311"]
[BlackElo "1338"]
[Result "1-0"]
[PlyCount "31"]
[EventDate "2014.06.29"]

1. e4 e5 2. Nf3 Nc6 3. Bc4 Bb4 4. Nc3 h6 5. a3 Ba5 6. d3 Nd4 7. Nxe5 f6 8. Nf7
Qe7 9. Nxh8 Ne6 10. Qh5+ Qf7 11. Qxf7+ Kd8 12. Qxg8+ Ke7 13. Ng6+ Kd6 14. Bf4+
Kc6 15. b4 Bb6 16. Bd5# 1-0

[Event "C.to Italiano U10"]
[Site "Tarvisio ITA"]
[Date "2014.06.30"]
[Round "2"]
[White "Motterle, Jacopo"]
[Black "Bin-Suhayl, Ieysaa"]
[WhiteElo "1407"]
[BlackElo "1740"]
[Result "0-1"]
[PlyCount "30"]
[EventDate "2014.06.29"]

1. c4 c5 2. Nc3 Nf6 3. e3 g6 4. g3 Bg7 5. Bg2 Nc6 6. Nge2 d6 7. d4 cxd4 8. exd4
O-O 9. O-O Bf5 10. Re1 Nb4 11. Be4 Nxe4 12. a3 Nxc3 13. Nxc3 Nc2 14. Re2 Nxa1
15. Nd5 Bg4 0-1

[Event "C.to Italiano U10"]
[Site "Tarvisio ITA"]
[Date "2014.07.01"]
[Round "4"]
[White "Becchi, Andrea"]
[Black "Bin-Suhayl, Ieysaa"]
[WhiteElo "1497"]
[BlackElo "1740"]
[Result "0-1"]
[PlyCount "66"]
[EventDate "2014.06.29"]

1. e4 e6 2. d4 d5 3. exd5 exd5 4. Be3 Nc6 5. Nf3 Bf5 6. a3 Nf6 7. Nc3 Be7 8.
Bd3 Bxd3 9. Qxd3 O-O 10. h3 a6 11. O-O Na5 12. Nd2 b6 13. b4 Nb7 14. Ne2 b5 15.
Ng3 Re8 16. Qb3 Nd6 17. c3 Nc4 18. Nxc4 dxc4 19. Qc2 Qd5 20. Qf5 Bd6 21. Qxd5
Nxd5 22. Bd2 Bxg3 23. fxg3 Re2 24. Rf2 Rae8 25. Kf1 Rxf2+ 26. Kxf2 Nf6 27. Re1
Ne4+ 28. Kg1 Kf8 29. Bf4 Nxc3 30. Rxe8+ Kxe8 31. Bxc7 Nd5 32. Bf4 Nxf4 33. gxf4
c3 0-1

[Event "C.to Italiano U10"]
[Site "Tarvisio ITA"]
[Date "2014.07.02"]
[Round "5"]
[White "Bin-Suhayl, Ieysaa"]
[Black "Bettalli, Francesco"]
[WhiteElo "1740"]
[BlackElo "1543"]
[Result "1-0"]
[PlyCount "143"]
[EventDate "2014.06.29"]

1. d4 Nf6 2. c4 c5 3. e3 b6 4. Nc3 g6 5. Be2 Bg7 6. Bf3 Nc6 7. dxc5 bxc5 8. Na4
Bb7 9. Bd2 d6 10. Ne2 O-O 11. O-O Qc7 12. Nac3 Ne5 13. Bxb7 Qxb7 14. b3 Rfd8
15. Rb1 Rd7 16. Qc2 Rad8 17. Na4 Qc7 18. Bc3 Ne8 19. Qd2 Qc6 20. Ba5 Rb8 21.
Nec3 Qa6 22. Ne4 Qc6 23. Qc2 f5 24. Ng5 Qa6 25. Qd2 Qc6 26. Ne6 Nf6 27. Nxg7
Kxg7 28. Bc3 Nxc4 29. Bxf6+ exf6 30. bxc4 Rxb1 31. Rxb1 Qxa4 32. Rc1 Qc6 33. h3
Kf7 34. Rb1 d5 35. cxd5 Qxd5 36. Qxd5+ Rxd5 37. Rb7+ Kg8 38. Rxa7 c4 39. Rc7
Ra5 40. Rxc4 Rxa2 41. g3 Ra6 42. Kg2 g5 43. Rc5 f4 44. exf4 gxf4 45. gxf4 Kg7
46. Rc7+ Kg6 47. f5+ Kxf5 48. Rxh7 Kg6 49. Rb7 f5 50. Rb4 Kg5 51. h4+ Kh5 52.
Kg3 Rg6+ 53. Kh3 Rg1 54. Rf4 Kg6 55. Rf3 Rh1+ 56. Kg3 Rg1+ 57. Kh2 Rg4 58. Kh3
Re4 59. h5+ Kxh5 60. Rxf5+ Kg6 61. Ra5 Rf4 62. Kg3 Rf5 63. Rxf5 Kxf5 64. Kf3
Kg5 65. Ke4 Kf6 66. Kf4 Kg6 67. Ke5 Kf7 68. f3 Ke7 69. f4 Kf7 70. Kf5 Kg7 71.
Ke6 Kf8 72. Kf6 1-0

[Event "C.to Italiano U10"]
[Site "Tarvisio ITA"]
[Date "2014.07.02"]
[Round "6"]
[White "Orlandini, Andrea"]
[Black "Bin-Suhayl, Ieysaa"]
[WhiteElo "1545"]
[BlackElo "1740"]
[Result "0-1"]
[PlyCount "118"]
[EventDate "2014.06.29"]

1. e4 e6 2. d4 d5 3. Nc3 Nf6 4. Bg5 Be7 5. e5 Nfd7 6. Bxe7 Qxe7 7. f4 a6 8. Nf3
c5 9. Be2 Nc6 10. a3 cxd4 11. Nxd4 Ndxe5 12. Nxe6 fxe6 13. fxe5 O-O 14. Qd2 Qc5
15. O-O-O Nxe5 16. Qg5 Nc4 17. Bxc4 Qxc4 18. Rhe1 Qf4+ 19. Qxf4 Rxf4 20. g3 Rf2
21. Re2 Rxe2 22. Nxe2 Bd7 23. Nf4 Rf8 24. b3 g5 25. Nd3 Bc6 26. Nc5 e5 27. Ne6
Rf2 28. Nxg5 Rxh2 29. Nf3 Rg2 30. Rg1 Rxg1+ 31. Nxg1 Kf7 32. Kd2 Kf6 33. a4 Kf5
34. Ke3 d4+ 35. Ke2 Kg4 36. Kf2 Be4 37. c3 dxc3 38. Ne2 c2 39. Nc1 Bg6 40. Ne2
a5 41. Nc1 Bf7 42. Kg2 Bd5+ 43. Kf2 h5 44. Nd3 Bxb3 45. Nxe5+ Kf5 46. Nd3 Bxa4
47. Ke2 Bb5 48. Kd2 Bxd3 49. Kc1 b5 50. Kd2 Ke4 51. Kc1 Kd4 52. Kd2 b4 53. Kc1
Kc3 54. g4 h4 55. g5 h3 56. g6 h2 57. g7 a4 58. g8=Q h1=R+ 59. Qg1 Rxg1# 0-1

[Event "C.to Italiano U10"]
[Site "Tarvisio ITA"]
[Date "2014.07.03"]
[Round "7"]
[White "Bin-Suhayl, Ieysaa"]
[Black "Lacambra Gem, Elijah"]
[WhiteElo "1740"]
[BlackElo "1521"]
[Result "1-0"]
[PlyCount "103"]
[EventDate "2014.06.29"]

1. d4 d5 2. c4 e6 3. Nc3 Nf6 4. cxd5 exd5 5. Bg5 Be6 6. e3 Bb4 7. Bd3 Nbd7 8.
Qc2 c6 9. Nge2 Qc7 10. a3 Bd6 11. Bf4 Bxf4 12. Nxf4 Qd6 13. O-O O-O 14. Rad1
Rac8 15. Nxe6 Qxe6 16. Rfe1 Qd6 17. f3 Rfe8 18. Kh1 g6 19. e4 dxe4 20. Nxe4
Nxe4 21. Rxe4 Rxe4 22. Bxe4 Nf6 23. Bd3 Rd8 24. Be2 Nd5 25. Qb3 b5 26. Bd3 Nf4
27. Be4 Ne6 28. d5 Nc5 29. Qa2 Qe5 30. Rc1 Nxe4 31. fxe4 cxd5 32. exd5 Qxd5 33.
Qxd5 Rxd5 34. h3 Kg7 35. Rc7 a5 36. Kh2 Rd2 37. b3 Rb2 38. Ra7 Rxb3 39. Rxa5
Kf6 40. a4 bxa4 41. Rxa4 Re3 42. Ra6+ Re6 43. Ra7 h5 44. Ra3 Kg5 45. Ra5+ f5
46. Kg3 Re3+ 47. Kf2 Rc3 48. Rb5 Kf4 49. g3+ Rxg3 50. Rb4+ Kg5 51. Kxg3 Kh6 52.
h4 1-0

[Event "C.to Italiano U10"]
[Site "Tarvisio ITA"]
[Date "2014.07.04"]
[Round "8"]
[White "Bin-Suhayl, Ieysaa"]
[Black "Cacchioli, Simone"]
[WhiteElo "1740"]
[BlackElo "1413"]
[Result "1-0"]
[PlyCount "63"]
[EventDate "2014.06.29"]

1. d4 Nf6 2. c4 c5 3. e3 e6 4. Nc3 d5 5. Nf3 Nc6 6. a3 a6 7. Be2 dxc4 8. Bxc4
b5 9. Be2 Bb7 10. O-O Qc7 11. Qc2 c4 12. b3 Na5 13. bxc4 bxc4 14. h3 Bd6 15. e4
Be7 16. e5 Nd5 17. Qa4+ Bc6 18. Nxd5 exd5 19. Qc2 O-O 20. Bg5 Rfe8 21. Bxe7
Rxe7 22. Ng5 g6 23. Nf3 Rae8 24. Nh2 Nb3 25. Rad1 Ba4 26. Qc3 Nc5 27. dxc5 Bxd1
28. Rxd1 Rxe5 29. Bf3 Qxc5 30. Ng4 R5e7 31. Nh6+ Kf8 32. Qh8# 1-0

[Event "C.to Italiano U10"]
[Site "Tarvisio ITA"]
[Date "2014.07.05"]
[Round "9"]
[White "Valtemara, Mattia Angelo"]
[Black "Bin-Suhayl, Ieysaa"]
[WhiteElo "1539"]
[BlackElo "1740"]
[Result "0-1"]
[PlyCount "58"]
[EventDate "2014.06.29"]

1. d4 Nf6 2. Bf4 c5 3. e3 cxd4 4. exd4 g6 5. Nf3 Bg7 6. Be2 O-O 7. O-O d6 8.
Nbd2 Nd5 9. Bg5 h6 10. Bh4 Nf4 11. Bg3 Nxe2+ 12. Qxe2 Nc6 13. c3 Re8 14. Rfe1
e5 15. dxe5 Bg4 16. h3 Bxf3 17. Nxf3 dxe5 18. Rad1 Qe7 19. a3 Rad8 20. Rxd8
Qxd8 21. Qd1 Qb6 22. Qc2 e4 23. Nd2 e3 24. Rxe3 Rxe3 25. fxe3 Qxe3+ 26. Bf2 Qe2
27. Qc1 Ne5 28. Bg3 Qe3+ 29. Bf2 Qxf2+ 0-1

[Event "C.to Italiano U10 femminile"]
[Site "Tarvisio ITA"]
[Date "2014.06.30"]
[Round "2"]
[White "Laico, Agnese"]
[Black "Sheikh, Samia Zannat"]
[WhiteElo "1410"]
[BlackElo "1569"]
[Result "0-1"]
[PlyCount "76"]
[EventDate "2014.06.29"]

1. e4 d6 2. Bc4 Nf6 3. Nc3 Nxe4 4. Nxe4 d5 5. Bb5+ c6 6. Bd3 dxe4 7. Bxe4 g6 8.
d4 Bg7 9. Be3 f5 10. Bf3 O-O 11. Nh3 h6 12. Nf4 Rf6 13. O-O Rd6 14. Ne2 e5 15.
c3 e4 16. Qb3+ Kh7 17. Rfd1 exf3 18. gxf3 g5 19. f4 g4 20. Ng3 Qh4 21. Qf7 Qf6
22. Qh5 Qg6 23. Qh4 Bf6 24. Qh5 Qxh5 25. Nxh5 Bh4 26. Rd2 Kg6 27. Re1 Kxh5 28.
d5 cxd5 29. Bc5 Rd7 30. Re5 b6 31. Rxf5+ Kg6 32. Re5 bxc5 33. Re6+ Bf6 34. Re8
Bb7 35. Rd3 Nc6 36. Rg8+ Rxg8 37. Rg3 Kf5 38. h3 Kxf4 0-1

[Event "C.to Italiano U10 femminile"]
[Site "Tarvisio ITA"]
[Date "2014.06.30"]
[Round "3"]
[White "Sheikh, Samia Zannat"]
[Black "Cassi, Elisa"]
[WhiteElo "1569"]
[BlackElo "1350"]
[Result "1-0"]
[PlyCount "71"]
[EventDate "2014.06.29"]

1. d4 d5 2. c4 Nf6 3. Nc3 Nc6 4. Nf3 Bf5 5. a3 a5 6. Bf4 e6 7. Nb5 Ne4 8. Nxc7+
Ke7 9. Nxa8 Qxa8 10. c5 g6 11. Ne5 Bg7 12. Nxc6+ bxc6 13. f3 Nf6 14. Bd6+ Kd7
15. g4 Bf8 16. Bxf8 Qxf8 17. gxf5 gxf5 18. Qa4 Qa8 19. b4 Qb7 20. Qxa5 Qc7 21.
Qxc7+ Kxc7 22. e3 Rg8 23. a4 Kb7 24. b5 Ra8 25. b6 Nd7 26. a5 e5 27. a6+ Kc8
28. b7+ Kb8 29. bxa8=Q+ Kxa8 30. Rg1 e4 31. f4 Nf6 32. h3 h6 33. Rb1 Nd7 34.
Rb7 Nb8 35. Rg8 f6 36. Rgxb8# 1-0

[Event "C.to Italiano U10 femminile"]
[Site "Tarvisio ITA"]
[Date "2014.07.01"]
[Round "4"]
[White "Garau, Francesca"]
[Black "Sheikh, Samia Zannat"]
[WhiteElo "1458"]
[BlackElo "1569"]
[Result "1-0"]
[PlyCount "85"]
[EventDate "2014.06.29"]

1. e4 d6 2. d4 Nf6 3. Nc3 g6 4. Nf3 Bg7 5. Bf4 O-O 6. Qd2 a6 7. O-O-O b5 8. Bd3
Bb7 9. Bh6 c5 10. d5 c4 11. Be2 Ng4 12. Bxg7 Kxg7 13. Rdf1 Qb6 14. Nd4 Nf6 15.
Qe3 Nbd7 16. h4 b4 17. Nb1 Rac8 18. Nd2 Ne5 19. Ne6+ fxe6 20. Qxb6 Ba8 21. dxe6
Nxe4 22. Nxe4 Bxe4 23. Rh2 Nd3+ 24. Kb1 Nc5 25. Qxb4 Nxe6 26. Qc3+ Rf6 27. h5
h6 28. hxg6 Bxg6 29. Qg3 Kh7 30. Rfh1 Bf7 31. Qe3 Kg8 32. Rxh6 Rxh6 33. Qxh6
Bh5 34. Qxe6+ Kg7 35. Qxc8 Bxe2 36. Qh8+ Kf7 37. Rh7+ Ke6 38. Qg8+ Ke5 39.
Rxe7+ Kf4 40. Qf8+ Kg5 41. Rg7+ Kh4 42. Qf4+ Kh5 43. Qh2# 1-0

[Event "C.to Italiano U10 femminile"]
[Site "Tarvisio ITA"]
[Date "2014.07.02"]
[Round "5"]
[White "Scarpa, Alessandra"]
[Black "Garau, Francesca"]
[WhiteElo "1404"]
[BlackElo "1458"]
[Result "1/2-1/2"]
[PlyCount "133"]
[EventDate "2014.06.29"]

1. e4 d5 2. exd5 Qxd5 3. Nc3 Qa5 4. d4 c6 5. Nf3 Bf5 6. Be2 e6 7. Bf4 Bb4 8.
Bd2 Nf6 9. O-O O-O 10. a3 Bxc3 11. Bxc3 Qc7 12. Re1 Nbd7 13. b4 Ne4 14. Bb2
Ndf6 15. Bd3 Qf4 16. Bc1 Qd6 17. Bb2 Rad8 18. Nh4 Ng4 19. Nf3 Nexf2 20. Qd2
Nxd3 21. cxd3 h6 22. h3 Nf6 23. Rf1 Qg3 24. Ne5 Qg5 25. Qe2 Bxh3 26. Kh2 Bg4
27. Nxg4 Nxg4+ 28. Kh3 Qe3+ 29. Qf3 Qxf3+ 30. Rxf3 h5 31. Kh4 Nf6 32. Rg3 g6
33. Rf1 Nh7 34. a4 Rd5 35. Bc3 Kg7 36. b5 g5+ 37. Kh3 Nf6 38. bxc6 bxc6 39. Bd2
g4+ 40. Kh4 Rxd4 41. Bc3 Rxa4 42. Bxf6+ Kg6 43. Bg5 f5 44. Rf4 Rxf4 45. Bxf4 e5
46. Bxe5 f4 47. Bxf4 Rxf4 48. Re3 Rf6 49. Re7 Rd6 50. Rxa7 Rxd3 51. Rc7 Rc3 52.
Rc8 Rc1 53. Rc7 c5 54. Rc6+ Kf5 55. Rc7 c4 56. Rc5+ Kg6 57. Rc6+ Kf5 58. Rc5+
Kf4 59. Kxh5 c3 60. Rc4+ Kf5 61. Rc5+ Kf4 62. Rc4+ Ke3 63. Rc6 c2 64. Kxg4 Kf2
65. g3 Ke3 66. Kg5 Rg1 67. Rxc2 1/2-1/2

[Event "C.to Italiano U10 femminile"]
[Site "Tarvisio ITA"]
[Date "2014.07.02"]
[Round "6"]
[White "Cassi, Elisa"]
[Black "Garau, Francesca"]
[WhiteElo "1350"]
[BlackElo "1458"]
[Result "0-1"]
[PlyCount "30"]
[EventDate "2014.06.29"]

1. c4 e5 2. g3 Bc5 3. Nc3 Nf6 4. Bg2 O-O 5. e3 d6 6. Nge2 Nc6 7. O-O Be6 8. b3
Qd7 9. d4 exd4 10. exd4 Bb4 11. d5 Bh3 12. dxc6 bxc6 13. Bxh3 Qxh3 14. Bb2 Ng4
15. Nf4 Qxh2# 0-1

[Event "C.to Italiano U10 femminile"]
[Site "Tarvisio ITA"]
[Date "2014.07.03"]
[Round "7"]
[White "Garau, Francesca"]
[Black "Marinelli, Sofia"]
[WhiteElo "1458"]
[BlackElo "1329"]
[Result "1-0"]
[PlyCount "77"]
[EventDate "2014.06.29"]

1. e4 e5 2. Bc4 Bc5 3. Nf3 Nc6 4. O-O d6 5. d3 Bg4 6. h3 Bh5 7. c3 Nf6 8. Bg5
h6 9. Bh4 g5 10. Bg3 a6 11. Nbd2 Qd7 12. Bb3 O-O-O 13. Bc2 d5 14. exd5 Nxd5 15.
Qe1 Bd6 16. a4 Bg6 17. Ne4 Bxe4 18. Qxe4 Nf6 19. Qc4 Na5 20. Qa2 Rhe8 21. b4
Nc6 22. b5 Na5 23. bxa6 bxa6 24. Rfb1 Qc6 25. Qb2 Nb7 26. a5 g4 27. Ba4 Qxa4
28. Rxa4 gxf3 29. Qxb7+ Kd7 30. Qxf3 Ke6 31. Bh4 Be7 32. Bxf6 Bxf6 33. d4 Bg7
34. dxe5 Bxe5 35. Qg4+ Kd6 36. Rd1+ Kc6 37. Qc4+ Kb7 38. Rb4+ Kc8 39. Qxa6# 1-0

[Event "C.to Italiano U10 femminile"]
[Site "Tarvisio ITA"]
[Date "2014.07.04"]
[Round "8"]
[White "Bonaudo, Alessia"]
[Black "Garau, Francesca"]
[WhiteElo "1488"]
[BlackElo "1458"]
[Result "0-1"]
[PlyCount "120"]
[EventDate "2014.06.29"]

1. e4 d5 2. exd5 Qxd5 3. Nc3 Qa5 4. Nf3 c6 5. Be2 Nf6 6. O-O Bf5 7. d3 e6 8.
Bd2 Qc7 9. d4 Bd6 10. Bd3 Bg4 11. Ne4 Nxe4 12. Bxe4 O-O 13. a3 Nd7 14. Bb4 Rad8
15. Bxd6 Qxd6 16. Qd2 Nf6 17. Ng5 Nxe4 18. Nxe4 Qxd4 19. Qxd4 Rxd4 20. f3 Bf5
21. Rfe1 Bxe4 22. Rxe4 Rxe4 23. fxe4 Rd8 24. e5 Rd2 25. Rc1 f6 26. exf6 gxf6
27. b4 e5 28. h3 e4 29. Kf1 f5 30. Ke1 e3 31. Rd1 Rxd1+ 32. Kxd1 f4 33. Ke2 Kf7
34. c4 Ke6 35. g3 Ke5 36. gxf4+ Kxf4 37. b5 cxb5 38. cxb5 b6 39. h4 Kg4 40.
Kxe3 Kxh4 41. Kf2 Kh3 42. Kg1 Kg3 43. Kh1 Kf3 44. Kg1 Ke3 45. a4 Kd4 46. Kf1
Kc4 47. Ke2 Kb4 48. Kd2 Kxa4 49. Kc2 Kxb5 50. Kb2 h5 51. Kc3 h4 52. Kd4 h3 53.
Ke4 h2 54. Kd4 h1=Q 55. Ke5 Qh4 56. Kd5 Qf4 57. Ke6 Kc6 58. Ke7 Qf5 59. Ke8 Kd6
60. Kd8 Qd7# 0-1

[Event "C.to Italiano U10 femminile"]
[Site "Tarvisio ITA"]
[Date "2014.07.05"]
[Round "9"]
[White "Garau, Francesca"]
[Black "Sfera, Anastasia"]
[WhiteElo "1458"]
[BlackElo "1407"]
[Result "1/2-1/2"]
[PlyCount "60"]
[EventDate "2014.06.29"]

1. e4 e5 2. Nf3 Nc6 3. Bc4 Bc5 4. O-O d6 5. h3 Nf6 6. d3 h6 7. Be3 Bb6 8. c3
O-O 9. Nbd2 Be6 10. Bb3 d5 11. exd5 Bxd5 12. Nc4 Re8 13. Bxb6 axb6 14. Re1 e4
15. dxe4 Bxe4 16. Qxd8 Raxd8 17. Rad1 Rxd1 18. Bxd1 Bxf3 19. Rxe8+ Nxe8 20.
Bxf3 Nf6 21. Kf1 Kf8 22. Ke2 Ke7 23. Ke3 g5 24. b4 Ke6 25. g4 Nd5+ 26. Bxd5+
Kxd5 27. Nb2 b5 28. f4 f6 29. fxg5 fxg5 30. a3 Ne5 1/2-1/2

[Event "C.to Italiano U12"]
[Site "Tarvisio ITA"]
[Date "2014.06.29"]
[Round "1"]
[White "Moresco, Jacopo"]
[Black "Sonis, Francesco"]
[WhiteElo "1440"]
[BlackElo "2023"]
[Result "0-1"]
[PlyCount "46"]
[EventDate "2014.06.29"]

1. e4 c5 2. Nc3 d6 3. g3 g6 4. Bg2 Bg7 5. d3 Nc6 6. Be3 Nf6 7. Qd2 O-O 8. O-O-O
Rb8 9. Bh6 b5 10. Bxg7 Kxg7 11. f4 b4 12. Nd5 Nxd5 13. exd5 Nd4 14. Ne2 Nb5 15.
Bf3 Qa5 16. Qe3 Re8 17. g4 Qxa2 18. f5 Qa1+ 19. Kd2 Qxb2 20. h4 Qe5 21. Qf2 Nc3
22. Nxc3 bxc3+ 23. Kc1 Qf4+ 0-1

[Event "C.to Italiano U12"]
[Site "Tarvisio ITA"]
[Date "2014.06.30"]
[Round "2"]
[White "Nardelli, Andrea"]
[Black "Pitzanti, Matteo"]
[WhiteElo "1458"]
[BlackElo "1890"]
[Result "0-1"]
[PlyCount "64"]
[EventDate "2014.06.29"]

1. e4 c6 2. d4 d5 3. e5 c5 4. c3 Nc6 5. Nf3 Bg4 6. Be2 e6 7. O-O Be7 8. b3 Rc8
9. Re1 Qb6 10. Be3 Bxf3 11. Bxf3 cxd4 12. cxd4 Nh6 13. Nc3 Nf5 14. Ne2 O-O 15.
a3 Nxe3 16. fxe3 Bg5 17. Qd3 Na5 18. Rab1 Qa6 19. Qxa6 Bxe3+ 20. Kf1 bxa6 21.
g3 Rc2 22. a4 Rb8 23. Nc1 Rf2+ 24. Kg1 Rxf3+ 25. Kg2 Rf2+ 26. Kh3 Bxd4 27. Nd3
Rd2 28. Nf4 Nc6 29. Rbc1 Nxe5 30. b4 Nc4 31. b5 axb5 32. axb5 g6 0-1

[Event "C.to Italiano U12"]
[Site "Tarvisio ITA"]
[Date "2014.06.30"]
[Round "2"]
[White "Parini, Paolo"]
[Black "Di Benedetto, Edoardo"]
[WhiteElo "1464"]
[BlackElo "2024"]
[Result "0-1"]
[PlyCount "104"]
[EventDate "2014.06.29"]

1. e4 e6 2. d4 d5 3. Nc3 Nf6 4. Bd3 Bb4 5. Bg5 dxe4 6. Bxe4 h6 7. Bd2 Bxc3 8.
Bxc3 Nxe4 9. Qf3 Nxc3 10. Qxc3 b6 11. Qf3 Qd5 12. Qxd5 exd5 13. O-O-O O-O 14.
Ne2 Nc6 15. Nc3 Be6 16. Nb5 Rac8 17. h3 a6 18. Nc3 Ne7 19. g4 c6 20. f4 Bd7 21.
Rde1 Rce8 22. Re2 Nc8 23. Rf2 Re3 24. h4 Bxg4 25. Rg1 h5 26. f5 Rfe8 27. Kd2
Nd6 28. b3 Rxc3 29. Kxc3 Ne4+ 30. Kb2 Nxf2 31. Rg2 Nd1+ 32. Kc1 Nc3 33. a3 Re2
34. Rg3 Nb5 35. c4 dxc4 36. bxc4 Nxd4 37. Rd3 Rc2+ 38. Kb1 Rxc4 39. Rd2 Bxf5+
40. Kb2 Rc2+ 41. Rxc2 Nxc2 42. a4 a5 43. Kc3 b5 44. Kb3 Nd4+ 45. Ka3 b4+ 46.
Kb2 c5 47. Ka2 c4 48. Kb2 c3+ 49. Ka2 c2 50. Kb2 Ne2 51. Ka1 c1=Q+ 52. Ka2 Be6#
0-1

[Event "C.to Italiano U12"]
[Site "Tarvisio ITA"]
[Date "2014.06.30"]
[Round "2"]
[White "Sonis, Francesco"]
[Black "Lai, Lorenzo"]
[WhiteElo "2023"]
[BlackElo "1458"]
[Result "1-0"]
[PlyCount "49"]
[EventDate "2014.06.29"]

1. e4 d5 2. exd5 Qxd5 3. Nc3 Qa5 4. Bc4 Bf5 5. d3 c6 6. Nge2 Nf6 7. O-O e6 8.
Bd2 Qc7 9. Bf4 Bd6 10. Bxd6 Qxd6 11. Ng3 Qf4 12. Nce2 Qd6 13. Nxf5 exf5 14. Ng3
O-O 15. Nxf5 Qc7 16. Qf3 Nbd7 17. Rfe1 Rfe8 18. d4 Nb6 19. Bb3 Rad8 20. Nh6+
Kf8 21. Nxf7 Rxd4 22. Rxe8+ Kxe8 23. Re1+ Kf8 24. Ng5 Qd6 25. Nxh7# 1-0

[Event "C.to Italiano U12"]
[Site "Tarvisio ITA"]
[Date "2014.06.30"]
[Round "3"]
[White "Di Benedetto, Edoardo"]
[Black "Lavorgna, Francesco"]
[WhiteElo "2024"]
[BlackElo "1606"]
[Result "1-0"]
[PlyCount "46"]
[EventDate "2014.06.29"]

1. e4 c6 2. d4 d5 3. exd5 cxd5 4. Bd3 Nc6 5. c3 Qc7 6. h3 e6 7. Nf3 Nf6 8. Qe2
Be7 9. O-O O-O 10. Bg5 a6 11. Nbd2 b5 12. b4 Bb7 13. Nb3 Rac8 14. Nc5 Bxc5 15.
bxc5 Nd7 16. a4 bxa4 17. Rxa4 Ndb8 18. Bh4 Qd7 19. Ng5 h6 20. Nh7 Rfe8 21. Nf6+
gxf6 22. Qg4+ Kf8 23. Bxf6 Red8 1-0

[Event "C.to Italiano U12"]
[Site "Tarvisio ITA"]
[Date "2014.06.30"]
[Round "3"]
[White "Di Biccari, Alessandro"]
[Black "Sonis, Francesco"]
[WhiteElo "1617"]
[BlackElo "2023"]
[Result "0-1"]
[PlyCount "92"]
[EventDate "2014.06.29"]

1. e4 c5 2. Nc3 d6 3. f4 g6 4. Nf3 Bg7 5. Bc4 e6 6. O-O Ne7 7. d3 O-O 8. Qe1
Nbc6 9. Qh4 d5 10. Bb5 Nd4 11. Ba4 a6 12. f5 exf5 13. Bh6 Ne6 14. Bxg7 Kxg7 15.
e5 Ng8 16. Bb3 Qxh4 17. Nxh4 d4 18. Nd5 b5 19. Nf4 Nxf4 20. Rxf4 Re8 21. Re1
Be6 22. Bxe6 fxe6 23. Nf3 Ne7 24. Ng5 Nd5 25. Rf2 a5 26. h3 Ne3 27. Nf3 Red8
28. c3 Rac8 29. cxd4 cxd4 30. Nxd4 Rxd4 31. Rxe3 Rcd8 32. Rd2 R8d5 33. Kf2 f4
34. Re1 Rxd3 35. Rxd3 Rxd3 36. Ke2 Re3+ 37. Kd2 Rxe1 38. Kxe1 g5 39. Ke2 Kg6
40. Kd3 Kf5 41. Kd4 h5 42. a3 g4 43. h4 g3 44. b4 axb4 45. axb4 f3 46. gxf3 g2
0-1

[Event "C.to Italiano U12"]
[Site "Tarvisio ITA"]
[Date "2014.06.30"]
[Round "3"]
[White "Pitzanti, Matteo"]
[Black "Beretta, Giulio"]
[WhiteElo "1890"]
[BlackElo "1580"]
[Result "1-0"]
[PlyCount "95"]
[EventDate "2014.06.29"]

1. e4 e6 2. Nf3 d5 3. Nc3 c5 4. exd5 exd5 5. d4 c4 6. Be2 Nf6 7. O-O Be7 8. h3
O-O 9. Bf4 a6 10. Ne5 Bf5 11. Bf3 Ne4 12. Bxe4 Bxe4 13. Nxe4 dxe4 14. Nxc4 b5
15. Ne3 f5 16. c3 Qd7 17. Qb3+ Kh8 18. Rad1 Nc6 19. a3 Na5 20. Qa2 Rac8 21. Rc1
Bd6 22. Qd5 Nb7 23. c4 Rcd8 24. Bxd6 Nxd6 25. c5 Nc8 26. Qxd7 Rxd7 27. Rfd1 Ne7
28. Rd2 f4 29. Nc2 Nd5 30. Re1 Re8 31. Rde2 Rde7 32. Nb4 Nxb4 33. axb4 e3 34.
d5 exf2+ 35. Kxf2 Rxe2+ 36. Rxe2 Rd8 37. d6 Kg8 38. Kf3 Kf7 39. Kxf4 h6 40.
Re7+ Kf6 41. Ke4 g5 42. Kd5 h5 43. c6 g4 44. c7 Rc8 45. Kc6 gxh3 46. gxh3 a5
47. d7 Rxc7+ 48. Kxc7 1-0

[Event "C.to Italiano U12"]
[Site "Tarvisio ITA"]
[Date "2014.07.01"]
[Round "4"]
[White "Lavorgna, Filippo"]
[Black "Di Benedetto, Edoardo"]
[WhiteElo "1732"]
[BlackElo "2024"]
[Result "1/2-1/2"]
[PlyCount "81"]
[EventDate "2014.06.29"]

1. Nf3 d5 2. c4 e6 3. g3 Nf6 4. Bg2 Be7 5. O-O O-O 6. b3 b6 7. d4 Bb7 8. Nbd2
dxc4 9. Nxc4 Nbd7 10. Bb2 c5 11. e3 b5 12. Nce5 Nxe5 13. Nxe5 Bxg2 14. Kxg2
Qd5+ 15. Qf3 Bd6 16. Qxd5 Nxd5 17. dxc5 Bxc5 18. Nd7 Rfc8 19. Nxc5 Rxc5 20.
Rac1 Rac8 21. Rxc5 Rxc5 22. Rc1 Rxc1 23. Bxc1 Kf8 24. Kf3 Ke7 25. Bd2 g6 26. e4
Nc7 27. Ke3 e5 28. Kd3 Kd6 29. f4 Ne6 30. Bb4+ Kc6 31. fxe5 h5 32. Bd2 Nc5+ 33.
Ke3 a6 34. Bc3 Ne6 35. b4 Kd7 36. h4 Ke7 37. Kd3 Kd7 38. Bd2 Kc7 39. Be3 Kd8
40. Kc3 Ke7 41. Kd3 1/2-1/2

[Event "C.to Italiano U12"]
[Site "Tarvisio ITA"]
[Date "2014.07.01"]
[Round "4"]
[White "Sonis, Francesco"]
[Black "Russo, Leonardo"]
[WhiteElo "2023"]
[BlackElo "1742"]
[Result "1-0"]
[PlyCount "75"]
[EventDate "2014.06.29"]

1. d4 d5 2. c4 e6 3. Nc3 Nf6 4. cxd5 exd5 5. Bg5 c6 6. e3 Nbd7 7. Bd3 Bb4 8.
Nge2 O-O 9. O-O Re8 10. Qc2 h6 11. Bh4 Nf8 12. a3 Be7 13. f3 N6h7 14. Bf2 Bh4
15. e4 Be6 16. e5 Bxf2+ 17. Rxf2 f6 18. f4 Bf7 19. Re1 Rc8 20. Qb1 a6 21. Nc1
Qb6 22. N1e2 fxe5 23. fxe5 Ng5 24. Ref1 Rc7 25. Na4 Qa7 26. Nc5 Nge6 27. Nxe6
Rxe6 28. Bf5 Ree7 29. Qd3 c5 30. Nf4 g5 31. Ng6 Nxg6 32. Bxg6 Kg7 33. Rf6 b5
34. Bxf7 Rxf7 35. Qg6+ Kf8 36. e6 Rxf6 37. Rxf6+ Ke7 38. Rf7+ 1-0